[Event "Bayern-chTT (RL Nord-West)"]
[Site "Bayern 2008/09"]
[Date "2009.03.15"]
[Round "8.6"]
[White "Sappok, Johann"]
[Black "Vojtech, Jaroslav"]
[Result "0-1"]
[WhiteElo "1932"]
[BlackElo "2131"]
[PlyCount "92"]
[EventDate "2009.03.??"]
[EventType "team-tourn"]
[EventRounds "9"]
[WhiteTeam "Bamberg-SC 2"]
[BlackTeam "Bindlach 2"]

1. e4 e5 2. Nf3 Nc6 3. Bc4 Be7 4. Nc3 Nf6 5. d4 d6 6. dxe5 dxe5 7. Qxd8+ Bxd8
8. O-O O-O 9. h3 Nd4 10. Nxe5 Nxc2 11. Rb1 c6 12. Bg5 Bc7 13. Bf4 Nd4 14. Rbd1
Ne6 15. Bh2 Re8 16. f4 Bxe5 17. fxe5 Nd7 18. a3 Ndf8 19. Rd2 Bd7 20. Bg3 Rad8
21. Bh4 g5 22. Bf2 b6 23. h4 Bc8 24. Rd6 Ng6 25. Be3 Nxe5 26. Rxd8 Nxd8 27. Be2
gxh4 28. Rf4 Ng6 29. Rf6 Re6 30. Rf1 Rd6 31. e5 Re6 32. Bg5 Re8 33. Ne4 Rxe5
34. Nf6+ Kh8 35. Bd2 Rxe2 36. Bc3 Be6 37. Rd1 Nb7 38. Nh5+ Kg8 39. Nf6+ Kh8 40.
Nh5+ Kg8 41. Nf6+ Kf8 42. Nxh7+ Ke7 43. Bf6+ Ke8 44. Bg5 Bd5 45. Kf1 Re6 46.
Nf6+ Kf8 0-1

[Event "Bayern-chTT (RL Nord-West)"]
[Site "Bayern 2008/09"]
[Date "2009.03.15"]
[Round "8.7"]
[White "Koehler, Gernot Dr"]
[Black "Ortlauf, Erwin"]
[Result "1-0"]
[WhiteElo "1867"]
[BlackElo "1910"]
[PlyCount "59"]
[EventDate "2009.03.??"]
[EventType "team-tourn"]
[EventRounds "9"]
[WhiteTeam "Bindlach 2"]
[BlackTeam "Bamberg-SC 2"]

1. d4 d5 2. Nf3 Nf6 3. g3 Bf5 4. Bg2 c6 5. Nbd2 Nbd7 6. b3 e6 7. O-O Bd6 8. Bb2
Qc7 9. c4 dxc4 10. bxc4 O-O 11. Re1 Ne4 12. Nh4 Ndf6 13. Nxe4 Nxe4 14. Qb3 Qb6
15. Qc2 Bb4 16. Rec1 Nxg3 17. e4 Nxe4 18. Bxe4 Bxe4 19. Qxe4 Be7 20. Rab1 Qa5
21. Nf3 Qxa2 22. Kh1 Qa5 23. d5 cxd5 24. Rg1 d4 25. Bxd4 g6 26. Rxb7 Bb4 27.
Rb5 Qa3 28. Ng5 Bc3 29. Qf3 a6 30. Rb7 1-0

[Event "Bayern-chTT (RL Nord-West)"]
[Site "Bayern 2008/09"]
[Date "2009.03.15"]
[Round "8.8"]
[White "Buecker, Florian"]
[Black "Ernst, Rainer(71)"]
[Result "1-0"]
[WhiteElo "1666"]
[BlackElo "1758"]
[PlyCount "47"]
[EventDate "2009.03.??"]
[EventType "team-tourn"]
[EventRounds "9"]
[WhiteTeam "Bamberg-SC 2"]
[BlackTeam "Bindlach 2"]

1. d4 Nf6 2. Nf3 d5 3. Bg5 e6 4. c4 Be7 5. Nc3 O-O 6. e3 c6 7. Qc2 Nbd7 8. a3
a5 9. Bd3 h6 10. h4 dxc4 11. Bxc4 Nd5 12. Bxe7 Qxe7 13. O-O f5 14. Rae1 N7f6
15. Ne5 Qe8 16. g3 g5 17. hxg5 hxg5 18. Kg2 Kg7 19. Rh1 b5 20. Bxd5 exd5 21.
Rh2 Rh8 22. Rxh8 Qxh8 23. Nxb5 Qe8 24. Nc7 1-0

[Event "Bayern-chTT (RL Nord-West)"]
[Site "Bayern 2008/09"]
[Date "2009.03.15"]
[Round "8.1"]
[White "Schindler, Viktor(58)"]
[Black "Braeutigam, Thomas"]
[Result "1/2-1/2"]
[WhiteElo "2161"]
[BlackElo "2036"]
[PlyCount "49"]
[EventDate "2009.03.??"]
[EventType "team-tourn"]
[EventRounds "9"]
[WhiteTeam "Hof 1"]
[BlackTeam "Würzburg 2"]

1. e4 e5 2. Nf3 Nc6 3. Bc4 Bc5 4. c3 Nf6 5. d3 d6 6. h3 O-O 7. Bb3 Qe7 8. O-O
Be6 9. Bc2 h6 10. Re1 Bb6 11. Nbd2 Nh7 12. Nc4 Rad8 13. Nxb6 axb6 14. Qe2 Ra8
15. a3 Bd7 16. d4 Nd8 17. dxe5 dxe5 18. Bd2 Bc6 19. Rad1 Qf6 20. c4 Ng5 21.
Nxg5 hxg5 22. Qg4 Ne6 23. Be3 Rad8 24. g3 Rxd1 25. Rxd1 1/2-1/2

[Event "Bayern-chTT (RL Nord-West)"]
[Site "Bayern 2008/09"]
[Date "2009.03.15"]
[Round "8.3"]
[White "Shashkin, Igor"]
[Black "Kuhn, Norbert"]
[Result "1/2-1/2"]
[WhiteElo "2035"]
[BlackElo "2084"]
[PlyCount "24"]
[EventDate "2009.03.??"]
[EventType "team-tourn"]
[EventRounds "9"]
[WhiteTeam "Hof 1"]
[BlackTeam "Würzburg 2"]

1. e4 e6 2. d4 d5 3. exd5 exd5 4. Nf3 Nf6 5. Bd3 Bd6 6. O-O O-O 7. Bg5 Bg4 8.
Nbd2 Nbd7 9. c3 c6 10. Qc2 Qc7 11. b3 Rae8 12. Rfe1 Bf4 1/2-1/2

[Event "Bayern-chTT (RL Nord-West)"]
[Site "Bayern 2008/09"]
[Date "2009.03.15"]
[Round "8.4"]
[White "Vogt, Thomas(67)"]
[Black "Verlatov, Artjom"]
[Result "1/2-1/2"]
[WhiteElo "1895"]
[BlackElo "2043"]
[PlyCount "29"]
[EventDate "2009.03.??"]
[EventType "team-tourn"]
[EventRounds "9"]
[WhiteTeam "Würzburg 2"]
[BlackTeam "Hof 1"]

1. e4 c5 2. Nf3 d6 3. d4 cxd4 4. Nxd4 Nf6 5. Nc3 g6 6. Be2 Bg7 7. O-O O-O 8.
Be3 Nc6 9. h3 d5 10. exd5 Nxd5 11. Nxd5 Qxd5 12. Nxc6 Qxc6 13. c3 Be6 14. Bf3
Qc7 15. Qa4 1/2-1/2

[Event "Bayern-chTT (RL Nord-West)"]
[Site "Bayern 2008/09"]
[Date "2009.03.15"]
[Round "8.5"]
[White "Plakidin, Alexey"]
[Black "Ersoez, Can"]
[Result "1/2-1/2"]
[WhiteElo "1926"]
[BlackElo "1883"]
[PlyCount "21"]
[EventDate "2009.03.??"]
[EventType "team-tourn"]
[EventRounds "9"]
[WhiteTeam "Hof 1"]
[BlackTeam "Würzburg 2"]

1. d4 Nf6 2. Nf3 g6 3. Bf4 Bg7 4. g3 O-O 5. Bg2 d6 6. O-O c6 7. Re1 Bf5 8. Nh4
Bg4 9. h3 Be6 10. e4 Qc8 11. d5 1/2-1/2

[Event "Bayern-chTT (RL Nord-West)"]
[Site "Bayern 2008/09"]
[Date "2009.03.15"]
[Round "8.6"]
[White "Kinkelin, Ulrich"]
[Black "Schleupner, Kurt"]
[Result "1/2-1/2"]
[WhiteElo "1899"]
[BlackElo "1877"]
[PlyCount "40"]
[EventDate "2009.03.??"]
[EventType "team-tourn"]
[EventRounds "9"]
[WhiteTeam "Würzburg 2"]
[BlackTeam "Hof 1"]

1. d4 Nf6 2. c4 g6 3. Nc3 Bg7 4. e4 d6 5. Nf3 O-O 6. h3 c6 7. Be3 e5 8. d5 cxd5
9. cxd5 a6 10. Qd2 Nbd7 11. Bh6 Nc5 12. Bxg7 Kxg7 13. Bd3 Nxd3+ 14. Qxd3 Bd7
15. O-O b5 16. b4 Qb6 17. Nd2 Rfc8 18. Rfc1 Ra7 19. Nb3 Rac7 20. Ne2 Rc4
1/2-1/2

[Event "Bayern-chTT (RL Nord-West)"]
[Site "Bayern 2008/09"]
[Date "2009.03.15"]
[Round "8.7"]
[White "Wilfert, Peter"]
[Black "Bachmann, Wolfgang"]
[Result "1/2-1/2"]
[WhiteElo "2000"]
[BlackElo "1903"]
[PlyCount "48"]
[EventDate "2009.03.??"]
[EventType "team-tourn"]
[EventRounds "9"]
[WhiteTeam "Hof 1"]
[BlackTeam "Würzburg 2"]

1. e4 c5 2. d4 cxd4 3. Nf3 e6 4. Nxd4 a6 5. c4 Nf6 6. Nc3 Bb4 7. e5 Ne4 8. Qg4
Nxc3 9. a3 Bf8 10. bxc3 Qa5 11. Qg3 d6 12. exd6 Bxd6 13. Qxd6 Qxc3+ 14. Bd2
Qxa1+ 15. Ke2 Qb2 16. Ke3 Nc6 17. Nxc6 Qb6+ 18. Qd4 Qxc6 19. Qxg7 Qc5+ 20. Ke2
Qxc4+ 21. Ke1 Qe4+ 22. Be2 Qb1+ 23. Bd1 Qe4+ 24. Be2 Qb1+ 1/2-1/2

[Event "Bayern-chTT (RL Nord-West)"]
[Site "Bayern 2008/09"]
[Date "2009.03.15"]
[Round "8.8"]
[White "Reitz, Helmut(55)"]
[Black "Artamonow, Sergej"]
[Result "1/2-1/2"]
[WhiteElo "1859"]
[BlackElo "1893"]
[PlyCount "35"]
[EventDate "2009.03.??"]
[EventType "team-tourn"]
[EventRounds "9"]
[WhiteTeam "Würzburg 2"]
[BlackTeam "Hof 1"]

1. d4 d5 2. Nf3 Nf6 3. e3 Bg4 4. Nbd2 e6 5. Bd3 Bd6 6. O-O O-O 7. Re1 Nbd7 8.
e4 dxe4 9. Nxe4 Nxe4 10. Bxe4 Bxf3 11. Qxf3 c6 12. c4 Qf6 13. Qxf6 Nxf6 14. Bf3
Rfd8 15. Bg5 h6 16. Bxf6 gxf6 17. Rad1 f5 18. d5 1/2-1/2

[Event "Bayern-chTT (RL Nord-West)"]
[Site "Bayern 2008/09"]
[Date "2009.03.15"]
[Round "8.1"]
[White "Schramm, Christian(73)"]
[Black "Englert, Fabian"]
[Result "1/2-1/2"]
[WhiteElo "2261"]
[BlackElo "2174"]
[PlyCount "143"]
[EventDate "2009.03.??"]
[EventType "team-tourn"]
[EventRounds "9"]
[WhiteTeam "Obernau 1"]
[BlackTeam "Klingenberg 1"]

1. e4 c5 2. Nf3 d6 3. d4 cxd4 4. Nxd4 Nf6 5. Nc3 g6 6. Be3 Bg7 7. f3 O-O 8. Qd2
Nc6 9. g4 Be6 10. O-O-O Nxd4 11. Bxd4 Qa5 12. Kb1 Rfc8 13. h4 Rxc3 14. Qxc3
Qxa2+ 15. Kc1 Bxg4 16. fxg4 Qa1+ 17. Kd2 Nxe4+ 18. Ke1 Nxc3 19. Rxa1 Bxd4 20.
Bg2 Nb5 21. Ra5 Nc7 22. c3 Bb6 23. Ra4 d5 24. h5 Rd8 25. hxg6 hxg6 26. g5 d4
27. Bxb7 Ne6 28. c4 a5 29. Bd5 Nxg5 30. Rg1 Rxd5 31. cxd5 Nf3+ 32. Kf1 Nxg1 33.
Kxg1 Kg7 34. Rc4 d3+ 35. Kf1 e5 36. dxe6 fxe6 37. Ke1 Kf6 38. Kd2 g5 39. Kxd3
Kf5 40. Rc6 Bd8 41. Rc8 Be7 42. Rc7 Bb4 43. Ke3 Ke5 44. Rg7 Kf6 45. Rb7 Kf5 46.
Rf7+ Ke5 47. Rf1 Kd5 48. Kd3 Bc5 49. Rf7 Ke5 50. Rb7 Bb4 51. Ke3 Bc5+ 52. Kf3
Kd4 53. Rb5 g4+ 54. Kxg4 Bb4 55. Kf3 Kc4 56. Re5 Kb3 57. Re2 Bf8 58. Ke4 Bg7
59. Kd3 Bxb2 60. Rxe6 a4 61. Rb6+ Ka2 62. Kc2 a3 63. Rg6 Be5 64. Rg2 Bb2 65.
Re2 Bf6 66. Rf2 Bd4 67. Rg2 Bb2 68. Re2 Bf6 69. Kd3+ Kb3 70. Re6 Bc3 71. Rb6+
Bb4 72. Rxb4+ 1/2-1/2

[Event "Bayern-chTT (RL Nord-West)"]
[Site "Bayern 2008/09"]
[Date "2009.03.15"]
[Round "8.2"]
[White "Strobel, Walter(53)"]
[Black "Van Baarle, John"]
[Result "1-0"]
[WhiteElo "2127"]
[BlackElo "2184"]
[PlyCount "63"]
[EventDate "2009.03.??"]
[EventType "team-tourn"]
[EventRounds "9"]
[WhiteTeam "Klingenberg 1"]
[BlackTeam "Obernau 1"]

1. e4 d6 2. d4 Nf6 3. Nc3 g6 4. f4 Bg7 5. Nf3 O-O 6. e5 Nfd7 7. h4 c5 8. h5
cxd4 9. hxg6 hxg6 10. Qxd4 dxe5 11. fxe5 Nxe5 12. Qh4 Nxf3+ 13. gxf3 f5 14.
Qh7+ Kf7 15. Rg1 Rg8 16. Qxg6+ Kf8 17. Bh6 Qd4 18. Rd1 Qe5+ 19. Be2 Nc6 20. f4
Qf6 21. Qxf6+ exf6 22. Bc4 Be6 23. Bxg7+ Rxg7 24. Rxg7 Kxg7 25. Bxe6 Re8 26.
Rd6 Nd8 27. Rxd8 Rxd8 28. Bxf5 Rd4 29. Ne2 Rb4 30. b3 Kf7 31. c4 b5 32. c5 1-0

[Event "Bayern-chTT (RL Nord-West)"]
[Site "Bayern 2008/09"]
[Date "2009.03.15"]
[Round "8.3"]
[White "Scherer, Ralf"]
[Black "Kraich, Klaus"]
[Result "1-0"]
[WhiteElo "2120"]
[BlackElo "2100"]
[PlyCount "113"]
[EventDate "2009.03.??"]
[EventType "team-tourn"]
[EventRounds "9"]
[WhiteTeam "Obernau 1"]
[BlackTeam "Klingenberg 1"]

1. Nf3 c5 2. g3 Nc6 3. Bg2 g6 4. d4 cxd4 5. Nxd4 Bg7 6. Nxc6 bxc6 7. O-O Nf6 8.
c4 O-O 9. Nc3 Qa5 10. Rb1 Qc5 11. Qa4 d5 12. cxd5 cxd5 13. Be3 Qd6 14. Rfd1 e6
15. Qh4 Qa6 16. Bd4 Nd7 17. Bxg7 Kxg7 18. e4 Nf6 19. exd5 exd5 20. Nxd5 Nxd5
21. Bxd5 Bf5 22. Rbc1 Rac8 23. Qd4+ Kg8 24. h4 Qb6 25. Rxc8 Rxc8 26. Qe5 h5 27.
Qe7 Rf8 28. Bb3 a5 29. Re1 Qc6 30. Qg5 a4 31. Rc1 Qd7 32. Bc4 Kg7 33. Qe3 Re8
34. Qc3+ Kg8 35. b3 Be4 36. Qf6 Bf5 37. bxa4 Qb7 38. Bf1 Qa7 39. Bb5 Rf8 40.
Qc3 Be6 41. a3 Qb7 42. Qc6 Qe7 43. Qc7 Qxa3 44. Qc3 Qd6 45. Qe3 Qb4 46. Qc5 Qd2
47. Qg5 Qb4 48. Qf6 Qd2 49. Ra1 Rc8 50. Qg5 Qc3 51. Rd1 Kg7 52. Qf4 Kh7 53. Qd4
Qf3 54. Bf1 Qb3 55. a5 Rc7 56. a6 Qa3 57. Ra1 1-0

[Event "Bayern-chTT (RL Nord-West)"]
[Site "Bayern 2008/09"]
[Date "2009.03.15"]
[Round "8.4"]
[White "Kuhn, Tobias(85)"]
[Black "Frey, Michael(77)"]
[Result "1-0"]
[WhiteElo "2053"]
[BlackElo "2058"]
[PlyCount "55"]
[EventDate "2009.03.??"]
[EventType "team-tourn"]
[EventRounds "9"]
[WhiteTeam "Klingenberg 1"]
[BlackTeam "Obernau 1"]

1. e4 c5 2. Nf3 d6 3. d4 cxd4 4. Nxd4 Nf6 5. Nc3 a6 6. Bg5 e6 7. f4 Be7 8. Qf3
Nbd7 9. O-O-O Qc7 10. g4 b5 11. Bxf6 Nxf6 12. g5 Nd7 13. f5 Ne5 14. Qh5 g6 15.
Qh6 Ng4 16. Qh4 Ne3 17. Re1 Nxf1 18. Rhxf1 Qc5 19. Nb3 Qe5 20. Nd5 Bd8 21. Nf6+
Bxf6 22. gxf6 Ra7 23. Rg1 Rf8 24. Qxh7 gxf5 25. Qh6 fxe4 26. Rg4 Bb7 27. Reg1
Ra8 28. Qxf8+ 1-0

[Event "Bayern-chTT (RL Nord-West)"]
[Site "Bayern 2008/09"]
[Date "2009.03.15"]
[Round "8.5"]
[White "Vreugdenhil, Frans"]
[Black "Wambach, Juergen"]
[Result "1/2-1/2"]
[WhiteElo "1980"]
[BlackElo "1975"]
[PlyCount "51"]
[EventDate "2009.03.??"]
[EventType "team-tourn"]
[EventRounds "9"]
[WhiteTeam "Obernau 1"]
[BlackTeam "Klingenberg 1"]

1. e4 e6 2. d4 d5 3. Nc3 Nf6 4. Bg5 Be7 5. e5 Nfd7 6. Bxe7 Qxe7 7. f4 O-O 8.
Nf3 c5 9. dxc5 Nc6 10. Qd2 Qxc5 11. O-O-O Rb8 12. Nd4 a6 13. g4 b5 14. Nxc6
Qxc6 15. Ne2 Nc5 16. Nd4 Qc7 17. h4 Ne4 18. Qe3 f6 19. Bg2 fxe5 20. fxe5 Nf2
21. Rhf1 Nxd1 22. Rxf8+ Kxf8 23. Kxd1 Kg8 24. g5 Qf7 25. Nc6 Rb7 26. Nd8
1/2-1/2

[Event "Bayern-chTT (RL Nord-West)"]
[Site "Bayern 2008/09"]
[Date "2009.03.15"]
[Round "8.6"]
[White "Suess, Mirco"]
[Black "Gerlach-Buedinger, Manuela"]
[Result "1-0"]
[WhiteElo "1930"]
[BlackElo "1975"]
[PlyCount "81"]
[EventDate "2009.03.??"]
[EventType "team-tourn"]
[EventRounds "9"]
[WhiteTeam "Klingenberg 1"]
[BlackTeam "Obernau 1"]

1. e4 g6 2. d4 Bg7 3. f4 d6 4. Nc3 c6 5. Nf3 Bg4 6. Be3 Qb6 7. Qd2 Bxf3 8. gxf3
Nd7 9. O-O-O O-O-O 10. Bc4 e6 11. d5 Qb5 12. dxe6 Qxc4 13. exd7+ Rxd7 14. Bxa7
Bxc3 15. Qxc3 Qxc3 16. bxc3 Ne7 17. Bd4 Re8 18. c4 c5 19. Bc3 Kc7 20. Rd3 Ra8
21. Kb2 Ra4 22. Kb3 Ra6 23. a4 Nc6 24. Rhd1 Rd8 25. e5 dxe5 26. Rxd8 Nxd8 27.
fxe5 Ne6 28. a5 Ra8 29. Ka4 Nd8 30. Kb5 Ne6 31. Rd5 g5 32. Bd2 Nd4+ 33. Kxc5
Nxf3 34. Bb4 Re8 35. Kb5 Nxh2 36. Bd6+ Kc8 37. e6 fxe6 38. Rc5+ Kd7 39. Bxh2
Rg8 40. Rc7+ Ke8 41. Rxb7 1-0

[Event "Bayern-chTT (RL Nord-West)"]
[Site "Bayern 2008/09"]
[Date "2009.03.15"]
[Round "8.7"]
[White "Schmitt, Dieter(54)"]
[Black "Zoeller, Bernd"]
[Result "1/2-1/2"]
[WhiteElo "1950"]
[BlackElo "1904"]
[PlyCount "60"]
[EventDate "2009.03.??"]
[EventType "team-tourn"]
[EventRounds "9"]
[WhiteTeam "Obernau 1"]
[BlackTeam "Klingenberg 1"]

1. c4 e5 2. b3 Nc6 3. Bb2 Nf6 4. e3 d6 5. g3 Bg4 6. f3 Bf5 7. e4 Be6 8. Ne2 Qd7
9. d4 exd4 10. Nxd4 Nxd4 11. Qxd4 Qc6 12. Nc3 Qb6 13. Nb5 Qxd4 14. Bxd4 Kd8 15.
e5 dxe5 16. Bxe5 Bb4+ 17. Kf2 Ne8 18. a3 Bc5+ 19. Kg2 c6 20. Nc3 Bd6 21. Bd4
Nf6 22. Bd3 Kc7 23. Rac1 Rhd8 24. Ne2 h6 25. b4 Ne8 26. c5 Be7 27. b5 Bf6 28.
Bxf6 Nxf6 29. Rhd1 Nd5 30. Kf2 Rd7 1/2-1/2

[Event "Bayern-chTT (RL Nord-West)"]
[Site "Bayern 2008/09"]
[Date "2009.03.15"]
[Round "8.8"]
[White "Link, Klaus"]
[Black "Thomele, Michael"]
[Result "0-1"]
[WhiteElo "1935"]
[BlackElo "1890"]
[PlyCount "116"]
[EventDate "2009.03.??"]
[EventType "team-tourn"]
[EventRounds "9"]
[WhiteTeam "Klingenberg 1"]
[BlackTeam "Obernau 1"]

1. e4 d5 2. exd5 Qxd5 3. Nc3 Qd6 4. Nf3 Nf6 5. h3 Bf5 6. Bb5+ c6 7. Ba4 h6 8.
d3 e6 9. Be3 Be7 10. Qd2 Nbd7 11. Bb3 Nc5 12. Bf4 Qd8 13. Na4 Nxb3 14. axb3 Nd5
15. Be5 f6 16. Bg3 e5 17. O-O O-O 18. c4 Nb4 19. d4 Bd3 20. Rfd1 e4 21. Nh4 Nc2
22. Nf5 Nxd4 23. Nxd4 Qxd4 24. Qf4 Rad8 25. Qc7 Rd7 26. Qa5 f5 27. Be5 b6 28.
Bxd4 bxa5 29. Bc5 Rb8 30. Bxe7 Rxe7 31. Nc5 Bc2 32. Rdc1 Bxb3 33. Rxa5 Rb4 34.
Nxb3 Rxb3 35. Rxf5 Rxb2 36. Rc5 Rb6 37. Re1 Kf7 38. Rf5+ Kg6 39. Rf4 a5 40.
Rfxe4 Rxe4 41. Rxe4 a4 42. Re2 a3 43. Ra2 Ra6 44. f3 Kf5 45. Kf2 g5 46. g3 Ke5
47. Ke3 Ra5 48. Kd3 Ra7 49. Ke3 h5 50. f4+ gxf4+ 51. gxf4+ Kf5 52. Kf3 Ra4 53.
Kg3 c5 54. Kh4 Kxf4 55. Kxh5 Ke4 56. Kg6 Kd4 57. h4 Kxc4 58. h5 Kb3 0-1

[Event "Bayern-chTT (RL Nord-West)"]
[Site "Bayern 2008/09"]
[Date "2009.03.15"]
[Round "8.1"]
[White "Weigand, Hans-Christian"]
[Black "Wunder, Horst"]
[Result "1-0"]
[WhiteElo "2001"]
[BlackElo "2134"]
[PlyCount "120"]
[EventDate "2009.03.??"]
[EventType "team-tourn"]
[EventRounds "9"]
[WhiteTeam "Kronach 1"]
[BlackTeam "Nordhalben 1"]

1. c4 b6 2. Nc3 Bb7 3. e4 e6 4. g3 f5 5. d3 Nf6 6. Bg2 Bb4 7. Qc2 fxe4 8. dxe4
O-O 9. Nge2 Ng4 10. O-O Bc5 11. Nd1 Nc6 12. h3 Nge5 13. Be3 Qe7 14. Qc3 Rf7 15.
f4 Ng6 16. a3 a5 17. Nf2 Ba6 18. Rac1 e5 19. f5 Nf8 20. Kh2 Bxe3 21. Qxe3 d6
22. Ng4 Nd7 23. Rf2 Nf6 24. Nxf6+ gxf6 25. Qd2 Kh8 26. b4 axb4 27. axb4 Bb7 28.
b5 Na5 29. Qd3 Rg7 30. Nc3 Nb3 31. Rg1 Nc5 32. Qd2 Ra3 33. g4 Rg5 34. Qc1 Ra5
35. Qd1 Qg7 36. Nd5 Ra3 37. Bf3 Qh6 38. Rg3 Qh4 39. Nxf6 Bxe4 40. Rfg2 Bd3 41.
Qc1 Ra5 42. Bd5 Rg7 43. Nh5 Qg5 44. Qxg5 Rxg5 45. h4 Rg8 46. Bxg8 Kxg8 47. Nf6+
Kh8 48. Ne8 Ra7 49. h5 Kg8 50. h6 Kf7 51. g5 Bxf5 52. g6+ Kxe8 53. gxh7 Bxh7
54. Rg8+ Kf7 55. R2g7+ Kf6 56. Rf8+ Ke6 57. Rxh7 Ra2+ 58. Kg1 Ra3 59. Kg2 Ne4
60. Rxc7 Ra2+ 1-0

[Event "Bayern-chTT (RL Nord-West)"]
[Site "Bayern 2008/09"]
[Date "2009.03.15"]
[Round "8.2"]
[White "Wunder, Stefan(58)"]
[Black "Stauch, Edgar"]
[Result "1-0"]
[WhiteElo "2034"]
[BlackElo "2090"]
[PlyCount "85"]
[EventDate "2009.03.??"]
[EventType "team-tourn"]
[EventRounds "9"]
[WhiteTeam "Nordhalben 1"]
[BlackTeam "Kronach 1"]

1. Nf3 c5 2. g3 d5 3. Bg2 Nc6 4. d4 e6 5. O-O Nf6 6. c4 cxd4 7. Nxd4 Be7 8. Nc3
O-O 9. Bf4 Nxd4 10. Qxd4 dxc4 11. Qxc4 Qb6 12. Rad1 Bd7 13. Be5 Rac8 14. Qh4
Bc6 15. Bd4 Qa6 16. e4 Rfe8 17. Qg5 h6 18. Qe3 Ng4 19. Qf4 h5 20. h3 g5 21. Qf3
e5 22. hxg4 exd4 23. Rxd4 hxg4 24. Qxg4 Qb6 25. Rd2 Rcd8 26. Rfd1 Rxd2 27. Rxd2
Rd8 28. Qd1 Rxd2 29. Qxd2 Qa5 30. Bh3 Bf6 31. Bf5 Kf8 32. Kh2 Qb4 33. a3 Qc5
34. Nd1 Bd4 35. b4 Qe5 36. Qxg5 Bxe4 37. Qh6+ Ke8 38. Bxe4 Qxe4 39. Ne3 Qf3 40.
Qf4 Qh5+ 41. Kg2 Bxe3 42. Qxe3+ Kd8 43. Qf3 1-0

[Event "Bayern-chTT (RL Nord-West)"]
[Site "Bayern 2008/09"]
[Date "2009.03.15"]
[Round "8.4"]
[White "Scherbel, Hans"]
[Black "Lechleitner, Walter"]
[Result "0-1"]
[WhiteElo "2023"]
[BlackElo "2002"]
[PlyCount "68"]
[EventDate "2009.03.??"]
[EventType "team-tourn"]
[EventRounds "9"]
[WhiteTeam "Nordhalben 1"]
[BlackTeam "Kronach 1"]

1. c4 Nf6 2. Nc3 e6 3. e4 e5 4. Nf3 Nc6 5. d4 exd4 6. Nxd4 Bb4 7. f3 d6 8. Be3
Bxc3+ 9. bxc3 Ne5 10. Be2 O-O 11. O-O Qe7 12. Rb1 b6 13. Re1 a5 14. Bg5 h6 15.
Bh4 Ng6 16. Bf2 Ne5 17. Kh1 Ba6 18. Nb5 Ne8 19. f4 Ng6 20. Qd2 Nf6 21. Bf3 Rad8
22. Nd4 Qd7 23. Nb5 Rfe8 24. e5 Bxb5 25. cxb5 dxe5 26. Qxd7 Nxd7 27. fxe5 Ndxe5
28. Be4 Nd3 29. Bxd3 Rxe1+ 30. Rxe1 Rxd3 31. Rc1 Nf4 32. Rc2 Rd1+ 33. Bg1 Re1
34. g4 Ne2 0-1

[Event "Bayern-chTT (RL Nord-West)"]
[Site "Bayern 2008/09"]
[Date "2009.03.15"]
[Round "8.5"]
[White "Becker, Alexander(63)"]
[Black "Burgemeister, Wolfgang"]
[Result "0-1"]
[WhiteElo "1992"]
[BlackElo "1979"]
[PlyCount "124"]
[EventDate "2009.03.??"]
[EventType "team-tourn"]
[EventRounds "9"]
[WhiteTeam "Kronach 1"]
[BlackTeam "Nordhalben 1"]

1. c4 c5 2. g3 g6 3. Bg2 Bg7 4. Nc3 Nc6 5. Nf3 b6 6. a3 Bb7 7. O-O Nh6 8. Rb1
Nf5 9. e3 Rb8 10. d3 O-O 11. Qc2 e6 12. b4 Qe7 13. b5 Ne5 14. Nxe5 Bxe5 15.
Bxb7 Rxb7 16. Bb2 Rbb8 17. Ne4 Bxb2 18. Qxb2 f6 19. Qb3 Rbd8 20. Nc3 Qf7 21.
Rfd1 d6 22. a4 Qb7 23. Qa2 Qf3 24. Qe2 Qxe2 25. Nxe2 d5 26. cxd5 exd5 27. Nf4
Rfe8 28. a5 Ng7 29. axb6 axb6 30. Ra1 g5 31. Ne2 d4 32. e4 Ra8 33. Ra6 Rxa6 34.
bxa6 Ra8 35. Ra1 Ra7 36. Nc1 Ne6 37. Nb3 Nc7 38. Nd2 Rxa6 39. Rxa6 Nxa6 40. Nc4
b5 41. Nd6 Nb4 42. Nxb5 Nxd3 43. Kf1 g4 44. Ke2 Ne5 45. Nd6 Kf8 46. Nf5 Ke8 47.
Ng7+ Ke7 48. Nf5+ Kd7 49. Ng7 c4 50. Nf5 Nf3 51. h4 Ke6 52. h5 Ke5 53. Nh6 Nh2
54. Nf7+ Kxe4 55. Nd6+ Kd5 56. Ne8 d3+ 57. Kd1 Kd4 58. Nd6 c3 59. Nb5+ Kc4 60.
Nd6+ Kb3 61. h6 Nf3 62. Ne4 Kb2 0-1

[Event "Bayern-chTT (RL Nord-West)"]
[Site "Bayern 2008/09"]
[Date "2009.03.15"]
[Round "8.6"]
[White "Zimmermann, Frank(61)"]
[Black "Hoermann, Fabian"]
[Result "1-0"]
[WhiteElo "1764"]
[BlackElo "1978"]
[PlyCount "61"]
[EventDate "2009.03.??"]
[EventType "team-tourn"]
[EventRounds "9"]
[WhiteTeam "Nordhalben 1"]
[BlackTeam "Kronach 1"]

1. c4 e5 2. Nc3 Nc6 3. g3 g6 4. Bg2 Bg7 5. d3 Nge7 6. Rb1 O-O 7. b4 f5 8. b5
Nd4 9. e3 Ne6 10. Nd5 c6 11. Nxe7+ Qxe7 12. Ne2 f4 13. Ng1 Qf6 14. gxf4 exf4
15. Bb2 Qf7 16. Nf3 g5 17. h3 h5 18. Bxg7 Qxg7 19. Rg1 fxe3 20. fxe3 Qf6 21.
Kd2 d5 22. bxc6 bxc6 23. cxd5 cxd5 24. Nxg5 Nxg5 25. Bxd5+ Be6 26. Bxe6+ Qxe6
27. Rxg5+ Kf7 28. Qxh5+ Ke7 29. Re5 Rf5 30. Rxe6+ Kxe6 31. Qg6+ 1-0

[Event "Bayern-chTT (RL Nord-West)"]
[Site "Bayern 2008/09"]
[Date "2009.03.15"]
[Round "8.7"]
[White "Horther, Heinrich"]
[Black "Stumpf, Hilmar"]
[Result "1/2-1/2"]
[WhiteElo "1991"]
[BlackElo "1866"]
[PlyCount "111"]
[EventDate "2009.03.??"]
[EventType "team-tourn"]
[EventRounds "9"]
[WhiteTeam "Kronach 1"]
[BlackTeam "Nordhalben 1"]

1. e4 g6 2. d4 Bg7 3. Nf3 d6 4. Be2 c6 5. O-O Nf6 6. Nc3 O-O 7. h3 Qc7 8. Bf4
Nbd7 9. e5 Ne8 10. exd6 Nxd6 11. Ne4 Nf6 12. Nxd6 exd6 13. c4 Qd8 14. Qb3 b6
15. Rfe1 Be6 16. Rad1 Qd7 17. d5 cxd5 18. cxd5 Bf5 19. Bb5 Qd8 20. Nd4 Bd7 21.
Nc6 Bxc6 22. Bxc6 Rc8 23. Qa3 Ne8 24. Re2 Be5 25. Bxe5 dxe5 26. Rde1 f6 27.
Qxa7 Nd6 28. Qa4 Rc7 29. a3 Re7 30. Qb4 Ra7 31. Ba4 Ra5 32. Rc2 Kh8 33. Rd1 Nf5
34. Bc6 Nd4 35. Rcd2 Kg7 36. Re1 Rc5 37. f4 Qc7 38. Rf2 Rd8 39. fxe5 fxe5 40.
Ref1 Kg8 41. Rf7 Qd6 42. R7f6 Qc7 43. Qe1 Rc2 44. R1f2 Rxf2 45. Qxf2 Qe7 46.
Qe3 Rb8 47. Rf1 Rf8 48. Re1 Qc5 49. Kh1 Qc4 50. Qxe5 Rf1+ 51. Kh2 Rf8 52. Bd7
Qc5 53. Rd1 Nf3+ 54. gxf3 Qf2+ 55. Kh1 Qxf3+ 56. Kh2 1/2-1/2

[Event "Bayern-chTT (RL Nord-West)"]
[Site "Bayern 2008/09"]
[Date "2009.03.15"]
[Round "8.8"]
[White "Mueller, Sven(77)"]
[Black "Schmierer, Hans-Joachim"]
[Result "1/2-1/2"]
[WhiteElo "1766"]
[BlackElo "1819"]
[PlyCount "45"]
[EventDate "2009.03.??"]
[EventType "team-tourn"]
[EventRounds "9"]
[WhiteTeam "Nordhalben 1"]
[BlackTeam "Kronach 1"]

1. d4 Nf6 2. Nf3 g6 3. Bf4 Bg7 4. h3 d6 5. c3 Nbd7 6. e3 b6 7. Nbd2 Bb7 8. Be2
O-O 9. Qc2 c5 10. O-O cxd4 11. exd4 Rc8 12. Qa4 Qc7 13. Rfe1 Rfe8 14. Ba6 Bxa6
15. Qxa6 Nb8 16. Qd3 Rcd8 17. Qc4 Qd7 18. Re2 Rc8 19. Qb3 Nc6 20. Rae1 Na5 21.
Qc2 Nd5 22. Bg3 e6 23. Qd3 1/2-1/2